| 000 | 01297cam a2200349 i 4500 | ||
|---|---|---|---|
| 001 | 21029 | ||
| 003 | Mx-PuUPA | ||
| 005 | 20220222122418.0 | ||
| 008 | 140415s1996 sp a gre 001 0 spa d | ||
| 017 | _aM. 6.106-1961 | ||
| 020 |
_a8423954765 _qtomo 35-I |
||
| 040 |
_aMx-PuUPA _bspa _cMx-PuUPA _dMx-PuUPA _erda |
||
| 041 | 0 | _aspa | |
| 100 | 1 |
_912085 _aGómez-Moreno, María Elena, _d1907-1998 _eautor |
|
| 245 | 0 | 0 |
_aPintura y escultura españolas del siglo XIX / _cMaría Elena Gómez-Moreno |
| 250 | _aTercera edición | ||
| 264 | 1 |
_aMadrid : _bEspasa-Calpe, _c1996 _c©1993 |
|
| 300 |
_a567 páginas : _bilustraciones (algunas a color) ; _c28 cm |
||
| 336 |
_2rdacontent _atexto _btxt |
||
| 336 |
_2rdacontent _aimagen fija _bsti |
||
| 337 |
_2rdamedia _asin medio _bn |
||
| 338 |
_2rdacarrier _avolumen _bnc |
||
| 490 | 1 |
_aSumma artis, historia general del arte ; _v35-I |
|
| 650 | 7 |
_aArte _xHistoria _2armarc |
|
| 655 | 7 |
_2armarc _aEnciclopedias |
|
| 785 | 0 | 0 |
_aNavascués Palacios, Pedro, _bCuart edición _dMadrid : Espasa-Calpe, 1997 _tArquitectura española 1808-1914 _w(Mx-PuUPA) 21028 _z8423954773 |
| 830 | 0 |
_912114 _aSumma artis, historia general del arte _v35-I |
|
| 942 |
_2ddc _cLI _h709 _iS955 |
||
| 999 |
_c21029 _d21029 |
||